000 01297nam a22003857a 4500
001 000098039
003 CHAP
005 20220817044212.0
008 080226d2007 co adb r 00110 spa d
010 _a94505
011 _a95477
020 _a9789589029893
035 _a106103
040 _cCHAP
082 0 0 _a551.64
_bI8
100 1 _aIsaza Delgado, José Fernando.
_960545
245 1 0 _aCambio climático :
_bGlaciaciones y calentamiento global /
_c/por José Fernando Isaza Delgado y Diógenes Campos Romero.
260 _aBogotá :
_bUniversidad de Bogotá,
_c2007.
300 _a289 p. :
_bilus. ; gráfs. ; cuadros ; mapas.
590 _aBATCH-UPD
_b10
_c20130110
_lUCH01
_h0542
590 _aBATCH-UPD
_b10
_c20130410
_lUCH01
_h0223
590 _aBATCH-UPD
_b10
_c20130914
_lUCH01
_h0822
590 _aCONVERSION
_b10
_c20130109
_lUCH01
_h1352
590 _aE5995AHE
_b05
_c20140207
_lUCH01
_h1432
650 1 4 _aCambios climáticos.
_917792
650 1 4 _aClimatología.
_923864
650 1 4 _aCultivos y clima.
_930392
650 1 4 _aMeteorología.
650 1 4 _aPolítica agrícola.
_990283
700 1 _aCampos Romero, Diógenes.
_918136
901 _aBK
942 _cLIBRO
942 _n0
949 _a551.64 I8
_bBC
_cLIBRO
_d33724002048926
_eLIBRO
_gI.c/e
_h109213
_i106103
_so
_t$515.00
999 _c94505
_d94505